000 00463nam a2200181Ia 4500
001 17765
005 20260306171541.0
008 260306s9999||||xx |||||||||||||| ||und||
041 _aESP
082 _a658.155
_bM22
100 _aMantilla B., Samuel Alberto
_eAUT
245 0 _aControl interno:
_bde los nuevos instrumentos financieros
260 _c1998
300 _a152 páginas :
_c24 cm.
650 _aGEN
654 _aCAN
942 _cLIB
_dJUS
_fJUS
_2ddc
_n
999 _c17765
_d17765